000 00726nam a2200253 i 4500
001 13374
003 ES-MaACL
005 20240510063022.0
007 t|
008 970717s1997 sp ||||0| spa j
020 _a848635188X
040 _aM-BN
_bspa
_cM-BN
080 _a821.134.2-14"19"
100 1 _aLedesma Criado, José.
_971152
245 1 0 _aColor ceniza el agua /
_cJosé Ledesma Criado.
250 _a1ª ed.
260 _aHumanes, Madrid :
_bJuan Pastor,
_c1997.
300 _a67 p. ;
_c20 cm.
490 1 _aDevenir. Serie Poesía ;
_v107
830 0 0 _aDevenir.
_pSerie Poesía ;
_v107
_9236243
852 _aES-MaACL
_jP-1931 N 107
_bR.126347
_913705
942 _2udc
999 _c13374
_d13374